| 000 | 00636nam a22001697a 4500 | ||
|---|---|---|---|
| 005 | 20251108172429.0 | ||
| 008 | 250721s2000 xx 000 0 ara d | ||
| 082 | 1 | 4 | _a346.031/أود |
| 100 | 1 | _aأودن، سمير عبدالسميع | |
| 245 | 1 | 0 | _aضمان العيوب الخفية التي تقع على عاتق بائع العقار ومشيدي البناء / |
| 264 | 1 |
_aالإسكندرية : _bمكتبة الإشعاع للطباعة و النشر و التوزيع، _c2000. |
|
| 300 | _a115ص | ||
| 650 | 1 | 7 | _aتجارة العقارات |
| 650 | 1 | 7 | _aتشريعات البناء |
| 942 |
_2ddc _cBK |
||
| 999 |
_c79129 _d79129 |
||